| 000 | 00495nam a2200181Ia 4500 | ||
|---|---|---|---|
| 008 | 090124s9999 xx 000 0 und d | ||
| 082 | _b34743 | ||
| 100 | _aदेशपांडे पु.ल. | ||
| 245 | _a दाद | ||
| 250 | _a0 | ||
| 260 |
_bमौज प्रकाशन गृह _c1997 |
||
| 300 | _a198 | ||
| 600 | _aदेशपांडे पु.ल. | ||
| 630 | _a दाद | ||
| 700 | _aदेशपांडे पु.ल. | ||
| 730 | _a दाद | ||
| 942 | _cBOOK | ||
| 999 |
_c100921 _d100921 |
||